| 000 | 00732nam a22002657a 4500 | ||
|---|---|---|---|
| 003 | UA-OsUOA | ||
| 001 | 26356 | ||
| 007 | ta | ||
| 008 | 20040526b un ||||| |||| 00| 0 ukr d | ||
| 100 | _aКушниренко А.Г. | ||
| 700 | _aЛебедев Г.В. | ||
| 090 |
_a519.85(075.8) _bК96 |
||
| 942 | _cBK | ||
| 040 |
_aUA-OsUOA _brus _cUA-OsUOA _dUA-OsUOA |
||
| 245 |
_aПрограммирование для математиков _bУчебное пособие для вузов |
||
| 300 |
_a384 с. _bІлюстрації |
||
| 955 | _a0 | ||
| 041 | _arus | ||
| 080 | _a519.85(075.8) | ||
| 020 | _a5-02-014235-2 | ||
| 260 |
_aМосква _bНаука _c1988 |
||
| 044 | _aRU | ||
| 650 | 7 | _2UDC | |
| 999 |
_c312677 _d312677 |
||